000 00967nam a22003377a 4500
001 0036763
003 KOHA_MİRAKIL
005 20260207003016.0
007 ta
008 120430b2009 tu |||gr||||#||||0|tur |
020 _a9789755918327
040 _aTR-BiSEU
_btur
_cTR-BiSEU
_erda
041 0 _atur
044 _ctu
050 _aQA37.2
_b.C48 2009
100 1 _aÇevik, Sinan .
245 1 _aGenel matematik-1/
_cSinan Çevik ; Sinan Çevik, Engin Bozacı.
264 1 _aAnkara :
_bNobel Yayın Dağıtım
_c2009
300 _a283 s.
336 _ametin
_btxt
_2rdacontent
337 _aaracısız
_bn
_2rdamedia
338 _acilt
_bnc
_2rdacarrier
490 1 _aNobel Yayın No ;
_v847.
490 1 _aMatematik -İstatistk ;
_v35.
500 _aKaynakça var.
650 0 _aMathematics.
_92070
650 0 _aMatematik.
_91486
830 1 _aNobel Yayın No ;
_v847.
_91595
830 1 _aMatematik -İstatistk ;
_v35.
_969443
942 _2lcc
_cBK
999 _c36649
_d36649